Krishamurti para principiantes /

Guardado en:
Detalles Bibliográficos
Autor principal: Kreimer, Juan Carlos (autor)
Otros autores: Arvallo, Martín (ilustración) (ilustración)
Formato: Libro
Idioma:Español
Publicado: Buenos Aires, Argentina : Era Naciente, 1998, c1998
Colección:(Documentales Ilustrados)
Temas:
Etiquetas: Agrega una etiqueta
Sin etiquetas, Sé el primero en etiquetar este registro!

MARC

LEADER 00000nam^a2200000^a^4500
001 000153488
005 20250521000000.0
009 20260310100319.553
020 |a 987-9065-55-7 
037 |a Acervo ITESO - Biblioteca 
041 |a ESP 
082 |a 920. 02  |b PRI V. 34 
100 |a Kreimer, Juan Carlos  |e (autor) 
240 1 1 |a [Principiantes] 
245 1 0 |a Krishamurti para principiantes /  |c J.C. Kreimer ; il. de M. Arvallo. 
264 4 |a Buenos Aires, Argentina :  |b Era Naciente,  |c 1998, c1998 
300 |a 175 p. 
336 |a texto  |b txt  |2 rdacontenido 
337 |a sin mediación  |b n  |2 rdamedio 
338 |a volumen  |b nc  |2 rdasoporte 
440 1 |a (Documentales Ilustrados) 
649 |a XX 
650 |a Líderes Espirituales Hindúes 
650 |a Religiosos Hindúes 
650 |a Conducta de Vida 
650 |a Verdad 
650 |a Hinduismo 
650 |a Religión -  |x Filosofía 
650 |a Filosofías Orientales 
650 |a Filosofía del Siglo XX 
650 |a Krishnamurti, Jiddu 
700 |a Arvallo, Martín  |e (ilustración) 
910 |a Fondo General 
920 |a Impresos - Libros 
930 |a Colección General 
905 |a 101 
901 |a 0500082093  |b IT1  |c ACC  |u 20250521 
902 |a https://opac.biblio.iteso.mx/vufind/Record/000153488